000
00333 a2200109 4500
001
ART_46709
005
20260410161926.0
008
260409a
245
1
0
_a
Risk, Inflation, and the Stock Market
100
1
_a
Pindyck, Robert S.
773
0
_t
The American Economic Review
_g
- Vol. 74, NÂș 3 (jun. 1984)
_w
REV16190
999
_c
28151
_d
28151